000 00719nam a2200253Ia 4500
003 OSt
005 20221007104235.0
006 a|||||r|||| 00| 0
007 ta
008 221006b |||||||| |||| 00| 0 eng d
024 _a15,284
037 _cTextual
040 _aLCO
_cLCO
_beng
041 _2eng
_aeng
082 _aZ73,91, K9
100 _aFriedman Lawrence M.
_9133497
245 0 _aLaw and the Behavioral Sciences
260 _aNew
_bYork Bobbs-Merrill Company, Inc USA
_c1969
300 _a1059
650 _aBEHAVIORAL SCIENCES
_9705923
700 _a Macaulay Stewart
_9705924
942 _hZ73,91, K9
_cTEXL
999 _c1184847
_d1184847